How electoral incentives shape performance measurement efforts (Record no. 116280)

000 -LEADER
fixed length control field 01409pab a2200145 454500
008 - FIXED-LENGTH DATA ELEMENTS--GENERAL INFORMATION
fixed length control field 180718b2017 xxu||||| |||| 00| 0 eng d
100 ## - MAIN ENTRY--PERSONAL NAME
Personal name Miller, Susan M.
245 ## - TITLE STATEMENT
Title How electoral incentives shape performance measurement efforts
260 ## - PUBLICATION, DISTRIBUTION, ETC.
Date of publication, distribution, etc. 2017
300 ## - PHYSICAL DESCRIPTION
Extent p.623-637.
520 ## - SUMMARY, ETC.
Summary, etc. Although scholars have assessed how the electoral connection of legislators and chief executives affects their support for performance measurement, we know less about how electoral considerations might influence agency administrators' focus on performance measurement. I suggest that independently elected administrators' attention to their agency's performance measurement system may be conditional on the likelihood that their efforts in this area will help them realize their electoral goals. Because there is a greater electoral incentive to focus on performance issues when government performance is deficient, elected administrators should be as likely as, if not more likely than, their non-elected counterparts to focus on performance measurement when the government is performing poorly and less likely to do so when the government is performing well. I find evidence that supports this expectation. This article provides insight into the implications of electoral incentives for management decisions. - Reproduced.
650 ## - SUBJECT ADDED ENTRY--TOPICAL TERM
Topical term or geographic name entry element Performance appraisal
773 ## - HOST ITEM ENTRY
Main entry heading Public Administration
909 ## -
-- 116286
Holdings
Withdrawn status Lost status Damaged status Not for loan Permanent Location Current Location Date acquired Serial Enumeration / chronology Barcode Date last seen Price effective from Koha item type
        Indian Institute of Public Administration Indian Institute of Public Administration 2018-07-19 Volume no: 95, Issue no: 3 AR116746 2018-07-19 2018-07-19 Articles

Powered by Koha